| 000 | 00972nam a22002417a 4500 | ||
|---|---|---|---|
| 005 | 20160531141910.0 | ||
| 010 | _a1516ENO7 ENG-114857 | ||
| 020 |
_a9788184005745 _c799.00 |
||
| 035 | _aEN-98389 | ||
| 035 | _aB-615226-237 | ||
| 037 |
_adpl _bPansy/Ven |
||
| 082 | _a954.91 | ||
| 100 | _aJaffrelot, Christophe | ||
| 245 |
_aThe Pakistan paradox : _cby Christophe Jaffrelot ; translated by Cynthia Schoch _binstability and resilience / |
||
| 260 |
_aGurgaon _bRandom House Publishers _c2015 |
||
| 270 |
_a7th Floor, Infinity Tower G, DLF Cyber City _bGurgaon _e122002 _k- _l- _m- |
||
| 300 |
_axii, 670p. _c24cm(pbk) |
||
| 500 | _aIncludes bibliographical references (pages 657-659) and index. | ||
| 650 | _a Politics and government. | ||
| 700 | _dSchoch ,Cynthia | ||
| 942 |
_2ddc _cEN _mJAF _h954.91 |
||
| 999 |
_c96223 _d96223 |
||